00682 2200253 4500001002100000005001500021035002000036007000300056008004100059100001100100245006700111300003000178020002200208082001000230084001600240090001600256260003200272600001800304850001000322990002400332990002400356990002400380990002400404INLIS00000000000275020260531095747 a0010-0720000033ta260531 1 0 aAriata1 aPahlawan Pembuat Masalah :bHerous dan Trobleemakers /cAriata a79 hlm. :bilus. ;c28 cm a978-979-29-5818-8 a371.1 a371.1 ARI p a371.1 EMI s a--Yogyakarta :bAndi,c2015 4abuku mewarnai aPUPAD a34.846/DAK/DPK/2019 a34.847/DAK/DPK/2019 a34.848/DAK/DPK/2019 a34.849/DAK.DPK.2019